50 States, 50 State Parks - Statistics

General Stats
  • This quiz has been taken 104 times
  • The average score is 26 of 50
Answer Stats
City State % Correct
NY Niagara Falls New York
94%
MI Mackinac Island Michigan
87%
AZ Lake Havasu Arizona
77%
NE Platte River Nebraska
71%
TX Palo Duro Canyon Texas
71%
AK Kachemak Bay Alaska
67%
OH Hocking Hills Ohio
67%
HI Akaka Falls Hawaii
63%
VT Smuggler's Notch Vermont
63%
CA Jedediah Smith Redwoods California
62%
AR Lake Ouachita Arkansas
60%
NV Valley of Fire Nevada
60%
LA Grand Isle Louisiana
58%
MT Louis and Clark Caverns Montana
58%
ID Farragut Idaho
56%
IA Maquoketa Caves Iowa
56%
SD Custer South Dakota
56%
UT Dead Horse Point Utah
56%
DE Cape Henlopen Delaware
54%
KS Kanopolis Kansas
54%
MD Assateague Maryland
54%
AL DeSoto Alabama
52%
FL _____ Caverns Florida
50%
NH Franconia Notch New Hampshire
50%
NM Elephant Butte Lake New Mexico
50%
GA Providence Canyon Georgia
48%
ND Little Missouri North Dakota
48%
OK Beavers Bend Oklahoma
48%
OR Smith Rock Oregon
48%
CO State Forest Colorado
46%
CT Lovers Leap Connecticut
46%
ME Baxter Maine
46%
MS Tishomingo Mississippi
46%
MO Johnson's Shut Ins Missouri
46%
SC Caesar's Head South Carolina
46%
IL Starved Rock Illinois
44%
IN Brown County Indiana
44%
KY Natural Bridge Kentucky
44%
NC Hanging Rock North Carolina
44%
VA Grayson Highlands Virginia
44%
NJ Liberty New Jersey
42%
TN Fall Creek Falls Tennessee
42%
WA Moran Washington
42%
WY Curt Gowdy Wyoming
42%
PA Ricketts Glen Pennsylvania
40%
WV Blackwater Falls West Virginia
40%
MA Nickerson Massachusetts
38%
MN Tettegouche Minnesota
38%
RI Lincoln Woods Rhode Island
38%
WI Devil's Lake Wisconsin
38%
No matching quizzes found
Score Distribution
Percent of People with Each Score
Percentile by Number Answered
Your Score History
You have not taken this quiz